000 01261nam a2200265Ia 4500
008 0000001994 ve ad 0000000000spa00
090 _aPSP00 D65d
100 1 _aDuarte, Carlos F.
245 1 0 _aDomingo Gutiérrez
_c/ textos Carlos F. Duarte ; fotografia Mariano U de Aldaca
300 _a1 plegable [4] p.
_c/ 23 cm.
500 _aCatálogo y saludo navideño de la Fundción Polar de Venezuela en 1994 \ Incluye datos biográficos del artista \ Artista nacido en España y nacionalizado en Venezuela \ Donación Fundación Cisneros, Caracas Venezuela, 2010 \ Proyecto Ganador Programa Apoyos Concertados FGAA 2010
501 _aRetablo de la orden tercera de San Francisco Confesionario Marco para la anunciación Domingo Gutiérrez, el maestro del rococó en Venezuela
600 0 0 _aGUTIERREZ, DOMINGO, 17091793/
_xTRABAJOS PICTORICOS
650 1 4 _aARTE BARROCO ESPAÑOL
650 1 4 _aARTE RELIGIOSO
650 1 4 _aARTE ROCOCO
650 1 4 _aARTISTAS PLASTICOS ESPAÑOLES EN VENEZUELA
650 1 4 _xCATALOGOS
650 1 4 _aNAVIDAD EN EL ARTE
650 1 4 _aPINTORES ESPAÑOLES
650 1 4 _aPINTURA ESPAÑOLA
650 1 4 _aPINTURA SOBRE MADERA
700 1 _aAldaca, Mariano U de
999 _c12592
_d12592
260 _aCaracas : Exlibris
_c1994